LEADER 01417nab a2200253 a 4500 001 000000000729 003 CaOOAMICUS 005 20130725083600.0 008 940513s1985 be u 0 0ita r 035 $a10013953 040 $aBAV$bita$dPUL 100 1 $aFornaro, Italo,$cO.F.M.$0(OLS)http://pul/name/816 245 13$aLa teologia dell'immagine nella glossa di Alessandro d'Hales /$cpar Italo Fornaro. 260 $aLouvain-La-Neuve ;$aVicenza :$bUniversité Catholique de Louvain :$bEdizioni L.I.E.F.,$c1985. 300 $a323 p. ;$c24 cm 490 1 $aPresenza culturale ;$v[4] 504 $aBibliografia: p. 305-322 e in nota. 600 04$aPetrus Lombardus,$cvesc. di Parigi,$dc. 1100-1164.$tLibri quatuor Sententiarum$9(Petrus Lomabrdus, c. 1100-1164).$0(OLS)http://pul/subject/798 600 04$aAlexander Halensis,$cO.F.M.,$d1185-1245? $tGlossa in quatuor libros sententiarum Petri Lombardi$9(Alexander Halensis, O.F.M., 1185-1245).$0(OLS)http://pul/subject/797 773 1 $tTravaux de doctorat en théologie et en droit canonique.$dLeuven : [s. n.], 1969-$gT. 11 (1985)$w()135137 830 0$aPresenza culturale ;$v[4].$0(OLS)http://pul/title/1032 941 1 $a8 996 $6245$aLa teologia dell'immagine nella glossa di Alessandro d'Hales$9(OLS)http://pul/title/1031 996 $6260$aLouvain-La-Neuve ;$aVicenza :$bUniversité Catholique de Louvain :$bEdizioni L.I.E.F.$9(OLS)http://pul/publisher/48303 LEADER 01139nam a2200277 u 4500 001 000000064778 003 CaOOAMICUS 005 20070226121408.0 008 011123s1935 nyuaf u000 u eng u 035 $a10911232 040 $aPUL(R)$bita 100 1 $aMaier, N. R. F.$0(OLS)http://pul/name/43746 245 10$aPrinciples od animal psychology /$cby N. R. F. Maier ... and T. C. Schneirla. 260 $aNew York :$bMcGraw-Hill Book Company,$c1935. 300 $ax, 529 p. :$bant., ill., ;$c24 cm 490 1 $aMcGraw-Hill publications in psychology 500 $aComprende indici. 504 $aBibliografia: p. [481]-510. 650 4$aEtologia.$0(OLS)http://pul/subject/23123 700 1 $aSchneirla, T. C.$0(OLS)http://pul/name/43747 830 0$aMcGraw-Hill publications in psychology.$0(OLS)http://pul/title/86277 850 $aPUL 852 $aPUL$W1$xDP2 Filosofia 1$y62$m87 D 21$j83933$nBK-PRI$b $qStampati$B83933$CPULBib$Z2$F83933 $81 941 1 $a8 996 $6245$aPrinciples od animal psychology$9(OLS)http://pul/title/86276 996 $6260$aNew York :$bMcGraw-Hill Book Company$9(OLS)http://pul/publisher/70991